Derecho mercantil internacional

Detalles Bibliográficos
Autor principal: Cadena Afanador, Walter Reň
Formato: eBook
Lenguaje:español
Publicado: Bogot:̀ ECOE, 2017
Materias:
Acceso en línea:Acceso restringido

MARC

LEADER 00000nam a22000007a 4500
005 20190904131051.0
007 cr|||| ||||
008 190904s2017 co |||||s|||| 00||0 spa d
020 |a 978-958-771-535-4 
035 |a 24763 
040 |a vLex 
090 |c 9383  |d 9383 
100 1 |a Cadena Afanador, Walter Reň 
245 1 0 |a Derecho mercantil internacional  |h [Recurso electrn̤ico] /  |c Walter Ren ̌Cadena Afanador 
256 |a Servicio en ln̕ea 
260 |a Bogot:̀  |b ECOE,  |c 2017 
300 |a 1 recurso electrn̤ico 
506 1 |a Disponible solo en los productos indicados  |d vLex Global  |d vLex Global (Academic Edition, excluding Law Schools)  |d vLex Global (U.S. Academic Edition, Law Schools)  |d vLex Global (U.S. Academic Edition, excluding Law Schools)  |d vLex Global (Academic Edition, Law Schools) 
650 0 4 |a Derecho Mercantil y de la Empresa  |z Colombia 
740 0 |a vLex Libros (Servicio en ln̕ea) 
856 4 0 |u http://vlex.com/source/derecho-mercantil-internacional-24763  |z Acceso restringido 
942 |c BOOK 
999 0 |a Commercial and Business Law